Quizzes
Events
Quiz Creation
Community
Videos
Private Events
Remove Ads
Sign In
Join for FREE
Feedback
Dark Mode
Quiz Categories
Sports
Geography
Music
Movies
Television
Just For Fun
Miscellaneous
History
Literature
Language
Science
Gaming
Entertainment
Religion
Holiday
For Kids
Quiz Lab
Recent
Popular Today
Quiz Kudos Today
Editor Picks
Curator Picks
Quizzes by...
Day
Popularity
Type
Ratings
Length
Year
Community
Subscriptions
Recent Discussions
Orange Saloon
Badges
Playlists
Quests
Create
Leaderboards
Showdown
Live 5
Trivia Bingo
Activity
Puzzle Library
Sporcle Events
Private Events
Virtual Trivia
Globe League
Become a Host
Pub Owners
SporcleCon
Opinionation
Our Games
Videos
Blog
Mobile Apps
Partnerships
Remove Ads and Go Orange
Feedback
Music
Pop Music
The Beatles
Song
Album
Lyrics
Bands
Singers
Artist
Clip
Rock
Rap
Classical
Billboard
Country Music
Kpop
Taylor Swift
Music
Pop Music
The Beatles
Song
Album
Lyrics
Bands
Singers
Artist
Clip
Rock
Rap
Classical
Billboard
Country Music
Kpop
Taylor Swift
Random Quiz
Search Sporcle
×
Quiz Lab
Quiz Lab
Music
Bands
Type in answers that appear in a list
Type in answers that appear in a list
Classic
Best Score? Go Orange.
The Getaway - Red Hot Chili Peppers Stats
Can you name the lyrics to The Getaway - Red Hot Chili Peppers?
By
madslyn
16m
295 Questions
93 Plays
93 Plays
93 Plays
Comments
Comments
Give Quiz Kudos
Give Quiz Kudos
-
- Ratings
hide this ad
Replay
Link that replays current quiz
Next Quiz
Link to next quiz in quiz playlist
You Got
0%
They Got
Avg Score
66%
Avg Friend Score
Upgrade to see
Score Distribution
Jump to the score distribution portion of the page
Score
0/295
Timer
16:00
0
Plays Today
Lyrics
% Correct
a
100%
A
100%
A
100%
a
100%
a
100%
in
100%
in
100%
a
100%
A
100%
a
100%
A
100%
a
100%
you're
92.9%
the
92.9%
you're
92.9%
You
92.9%
get
92.9%
it
92.9%
you
92.9%
get
92.9%
your
92.9%
it
92.9%
the
92.9%
it,
92.9%
You
92.9%
it
92.9%
get
92.9%
your
92.9%
the
92.9%
your
92.9%
your
92.9%
the
92.9%
it
92.9%
The
92.9%
you
92.9%
the
92.9%
you're
92.9%
the
92.9%
you're
92.9%
The
92.9%
get
92.9%
your
92.9%
it
92.9%
the
92.9%
it,
92.9%
get
92.9%
your
92.9%
the
92.9%
you're
92.9%
it
92.9%
your
92.9%
do
85.7%
to
85.7%
another
85.7%
my
85.7%
Another
85.7%
to
85.7%
to
85.7%
another
85.7%
my
85.7%
to
85.7%
if
85.7%
Another
85.7%
to
85.7%
Another
85.7%
be
85.7%
another
85.7%
to
85.7%
another
85.7%
to
85.7%
be
85.7%
do
85.7%
another
85.7%
Another
85.7%
to
85.7%
to
85.7%
another
85.7%
my
85.7%
be
85.7%
Another
85.7%
to
85.7%
to
85.7%
another
85.7%
be
85.7%
my
85.7%
my
85.7%
my
85.7%
That's
78.6%
right,
78.6%
right
78.6%
Take
78.6%
time,
78.6%
go,
78.6%
lonely
78.6%
superstar
78.6%
away
78.6%
inside
78.6%
car
78.6%
Take
78.6%
Lyrics
% Correct
too
78.6%
inside
78.6%
that
78.6%
Take
78.6%
too,
78.6%
don't
78.6%
lonely
78.6%
superstar
78.6%
away
78.6%
inside
78.6%
car
78.6%
time
78.6%
inside
78.6%
that
78.6%
car
78.6%
Take
78.6%
that
78.6%
that
78.6%
That's
78.6%
right,
78.6%
right
78.6%
time,
78.6%
lonely
78.6%
superstar
78.6%
away
78.6%
inside
78.6%
car
78.6%
Take
78.6%
too
78.6%
inside
78.6%
that
78.6%
Take
78.6%
too,
78.6%
lonely
78.6%
superstar
78.6%
away
78.6%
inside
78.6%
car
78.6%
that
78.6%
inside
78.6%
that
78.6%
Don't
78.6%
inside
78.6%
We
71.4%
will
71.4%
our
71.4%
thing
71.4%
tonight,
71.4%
alright
71.4%
me
71.4%
It's
71.4%
Just
71.4%
we
71.4%
no
71.4%
me
71.4%
no
71.4%
will
71.4%
much
71.4%
far
71.4%
have
71.4%
keep
71.4%
it's
71.4%
may
71.4%
we
71.4%
just
71.4%
no,
71.4%
we
71.4%
we
71.4%
We
71.4%
will
71.4%
our
71.4%
thing
71.4%
tonight,
71.4%
alright
71.4%
It's
71.4%
Just
71.4%
much
71.4%
far
71.4%
May
71.4%
we
71.4%
future
64.3%
crime
64.3%
and
64.3%
love
64.3%
brave
64.3%
lover
64.3%
ride
64.3%
mine
64.3%
place
64.3%
brave
64.3%
lover
64.3%
and
64.3%
Lost
64.3%
California
64.3%
and
64.3%
is
64.3%
crime
64.3%
is
64.3%
brave
64.3%
Lyrics
% Correct
lover
64.3%
ride
64.3%
brave
64.3%
lover
64.3%
late
64.3%
'cause
64.3%
color
57.1%
on
57.1%
when
57.1%
Surrender
57.1%
tried
57.1%
Surrender
57.1%
tried
57.1%
on
57.1%
on
57.1%
for
57.1%
color
57.1%
Surrender
57.1%
tried
57.1%
so
57.1%
Surrender
57.1%
tried
57.1%
savior
57.1%
Golden
57.1%
gate,
57.1%
rearranger
57.1%
fine
50%
matter
50%
know;
50%
melancholy
50%
girlfriend
50%
fine
50%
December
50%
might
50%
not
50%
smart
50%
not
50%
Make
50%
Hold
50%
name
50%
coded
42.9%
friend
42.9%
Let's
42.9%
show
42.9%
something
42.9%
one
42.9%
ever
42.9%
repeat
42.9%
Let's
42.9%
this
42.9%
find
42.9%
out
42.9%
corner
42.9%
can't
42.9%
body
42.9%
transcend
42.9%
weep
42.9%
Find
42.9%
out
42.9%
coded
42.9%
Arrivals
42.9%
wish
42.9%
depart
42.9%
rays
42.9%
Incision
35.7%
suture
35.7%
told
35.7%
would
35.7%
supercavitation
35.7%
hallucination
35.7%
Complete,
35.7%
Sitting
35.7%
street
35.7%
steal
35.7%
wheel
35.7%
how
35.7%
feel,
35.7%
around
35.7%
Slow
35.7%
down
35.7%
sound
35.7%
Turn
35.7%
up
35.7%
found
35.7%
Asleep,
35.7%
trick
35.7%
never
35.7%
cheap
35.7%
Drive
35.7%
constellation
35.7%
song
35.7%
fascination
35.7%
would
35.7%
great
35.7%
spin
28.6%
whatever
28.6%
stays
28.6%
Quiz Playlist
Details
Report
Send in Message
Add To Playlist
Classic:
Type in answers that appear in a list
Last Updated: Feb 15, 2023
Quiz Scoreboard
CHALLENGE
Sign Up to Join the Scoreboard
Show All
Scores
Hide
Comments
May contain spoilers
Recently Published
An Introduction to Baseball
by treessimontrees
Sports
5m
Movies - When Are They Set?
by FPL_Elf
Movies
5m
Popular People in 1961
by mucciniale
History
6m
More to Explore
Quiz From the Vault
Featured Blog Post
Where Did the Easter Bunny Come From?
hide this ad
You Might Also Like...
Tags
Artist Quiz
Bands Quiz
Lyrics Quiz
Pop Music Quiz
Rock Quiz
Figure Out the Lyrics
Missing Lyrics
Original Lyrics
Red Hot Chili Peppers
Rock Lyrics
Rock Songs
Soundtrack Lyrics
Today's Top Quizzes in Music
Browse Music
hide this ad
Today's Top Quizzes in Bands
Browse Bands
Top Contributed Quizzes in Music
1
Taylor Swift All Songs (2024)
2
2010s Album by Cover III
3
Guess the Artist- 70s Songs
4
One Thing in Common: Music
5
Taylor Swift Logic Puzzle
6
Guess the Taylor Swift song (Mystery Song)
7
2010s Album by Cover IV
8
2010s Album by Cover V
9
KPOP LOGIC QUIZ
10
Kpop Logic Quiz
Explore More
Trending Topics
Harry Potter
NBA
Marvel
Disney
Kpop
Crossword
Anime
The Office
Puzzle
Country
NFL
Song
Pokémon
WWE
Soccer
hide this ad
More By:
madslyn
Quiz
Plays
Rating
Category
Featured
Created
European Football Leagues Sorting Gallery
4,568
5.00
Sports
Aug 19, 2022
UEFA Champions League Final Loser's XI
4,145
4.20
Sports
Aug 27, 2021
Top 300 Current Most Valued Players In the World
3,701
4.17
Sports
Aug 12, 2022
UEFA Champions League Top 247 player appearances
3,231
5.00
Sports
Dec 14, 2021
The 75 Topscorers in Europe's Top 5 Leagues Since 2000
2,397
4.83
Sports
Aug 7, 2022
Go to Creator's Profile
Score Distribution
Quiz Creator Spotlight
madslyn
Follow
Send a Message
Quizzes Created
-
Created Quiz Play Count
-
More By This Creator
Popular Quizzes Today
1
Find the Countries of Europe - No Outlines Minefield
2
Find the US States - No Outlines Minefield
3
The Countries of the World
4
Popular People in 1961
5
US States
6
1-10 Letter E Words III
7
Find the US States
8
One Thing in Common: World Cities II
More Music Quizzes
Disney Lyrics: Do You Want to Build a Snowman?
Quiz Lab
Trending Quizzes
Risky Map Clicking: Least Populous States A-Z
1-10 Letter F Words
1-10 Letter G Words
One Thing in Common: United Kingdom
Risky Map Clicking: Next State Alphabetically
Recently Updated
Leaping Animals
pecheneg
Reality TV Shows (A-Z)
bhenderson79
Rickey Henderson's Hall of Fame Teammates
pecheneg
Champions League XIs: Arsenal
pecheneg
Quick Pick: Celebrities in WWE's Hall of Fame
aduchscher
A-Z Keypad Blitz II
pecheneg
Multiple Oscar Actors
pecheneg
Mystery Phrase Blitz: Oscar 'Best Actors'
pecheneg
F. Scott Fitzgerald Novels
LTH
Pick 3 Villains
ddd62291
Trending Topics
Crossword
NBA
Kpop
Marvel
Harry Potter
Anime
Disney
The Office
Soccer
Pokémon
NFL
Song
Country
Puzzle
WWE
Your Account Isn't Verified!
In order to create a playlist on Sporcle, you need to verify the email address you used during registration. Go to your
Sporcle Settings
to finish the process.
Report this User
Report this user for behavior that violates our
Community Guidelines
.
Details:
Send Report
Go to the Sporcle.com Mobile Site →
Comments